| 000 | 02637nam0a2200409 4500 | ||
|---|---|---|---|
| 001 | RU\NLR\BIBL_A\022698921 | ||
| 005 | 20260503065046.0 | ||
| 010 |
_a978-5-7972-3292-6 _9500 |
||
| 021 |
_aRU _bКН-П-25-065861 _9КН-П-25-1125:02.03.2026 |
||
| 021 |
_aRU _bКН-П-25-065861 _9КН-П-25-6372 |
||
| 035 | _a(NLR Aleph) 022698921 | ||
| 090 |
_a13700540 _c13700540 |
||
| 100 | _a20260112d2024 k y0rusy50 ca | ||
| 101 | 0 | _arus | |
| 102 | _aRU | ||
| 105 | _ay|||z|||000yy | ||
| 181 | 0 |
_ai4 _baxxe |
|
| 182 | 0 | _an | |
| 200 | 1 |
_aФормирование и развитие социально-профессиональной субъектности _eмонография _fЛ. Л. Штофер, О. М. Шевченко, Т. В. Плотникова [и др.] _gпод научной редакцией д. ф. н., профессора Т. В. Плотниковой _gМинистерство науки и высшего образования Российской Федерации, Ростовский государственный экономический университет (РИНХ) |
|
| 203 |
_aТекст _bвизуальный _cнепосредственный |
||
| 210 |
_aРостов-на-Дону _cИздательско-полиграфический комплекс РГЭУ (РИНХ) _d2024 |
||
| 215 |
_a147 с. _d21 |
||
| 300 | _aНа 3-й с. авт.: Штофер Л. Л., канд. филос. наук, доц., О. М. Шевченко, д-р филос. наук, проф., Т. В. Плотникова, д-р филос. наук, проф. | ||
| 300 | _aАвт. указаны на обороте тит. с. | ||
| 320 | _aБиблиогр.: с. 135-147 (167 назв.) и в подстроч. примеч. | ||
| 606 | 1 |
_aИдентичность профессиональная _92425719 _3RU\NLR\AUTH\6601662673 |
|
| 686 | 1 | _aС550.445 | |
| 701 | 1 |
_aШтофер _bЛ. Л. _gЛюдмила Львовна |
|
| 701 | 1 |
_7ca _8rus _aШевченко _bО. М. _cд-р филос. наук _gОльга Михайловна _9168272 _3RU\NLR\AUTH\770168320 |
|
| 701 | 1 |
_7ca _8rus _aПлотникова _bТ. В. _gТатьяна Валериевна _9261895 _3RU\NLR\AUTH\770261951 |
|
| 702 | 1 |
_4340 _7ca _8rus _aПлотникова _bТ. В. _gТатьяна Валериевна _9261895 _3RU\NLR\AUTH\770261951 |
|
| 712 | 0 | 2 |
_aРостовский государственный экономический университет _4475 |
| 942 | _cBOOK | ||
| 980 | _aNB | ||